000 00714nam a22002417a 4500
003 DO-SdBPM
005 20250827105250.0
007 ta
008 151106b20uu sp ||| |||| 00| 0 spa d
020 _a9788430589326
040 _aDO-SdBPM
_bspa
_cBPMSU
_erda
082 4 _a823.8
_bR655h
_222
245 1 0 _aRobin Hood /
_canónimo.
264 _aMadrid :
_bSusaeta Ediciones,
_c [200-?]
300 _a163 páginas :
_bilustraciones,
_c20 cm.
336 _atexto
_btxt
_2rdacontent
337 _asin mediación
_bn
_2rdamedia
338 _avolumen
_bnc
_2rdacarrier
590 _aInventariado, 2025/VM
650 7 _aNovela juvenil inglesa
910 _aVMateo V. Control de calidad. BPMSU
942 _2ddc
_cBK
999 _c8596
_d8596